| 000 | 00670cab a2200229 4500 | ||
|---|---|---|---|
| 001 | WB2534-18 | ||
| 008 | 090401t1989 xxu||||| |||| 00| 0 eng d | ||
| 035 | _a(Sirsi) u30173 | ||
| 041 | _aeng | ||
| 245 | _aNational Property Exchange | ||
| 260 | _c1989 | ||
| 350 | _a0 | ||
| 490 |
_aTimes _v29/8/89 p4 |
||
| 520 | _aLooks at the services provided by a husband and wife team whose business offers chain-free house sales for just £12 plus legal fees. | ||
| 650 | _aESTATE AGENCY | ||
| 650 | _aHOUSE PURCHASE | ||
| 650 | _aNATIONAL PROPERTY EXCHANGE | ||
| 650 | _aPROPERTY CHAINS | ||
| 690 | _aPROPERTY LAW AND PRACTICE | ||
| 942 | _n0 | ||
| 948 | _c04/03/1997 | ||
| 999 |
_c20327 _d20327 |
||